The Office UK Characters - Statistics

General Stats
  • This quiz has been taken 25 times
  • The average score is 13 of 26
Answer Stats
Hint Answer % Correct
Who is a sales rep and is later promoted to Senior Sales Clerk? Tim Canterbury
100%
Who is the manager of the Slough branch of Wernham Hogg? David Brent
95%
Who is the receptionist? Dawn Tinsley
95%
Who is 'Team Leader' and a lieutenant in the Territorial Army? Gareth Keenan
95%
Who is the manager of the Swindon branch of Wernham Hogg? Neil Godwin
90%
Who is a large accountant in Slough? Keith Bishop
80%
Who is an obnoxious sales rep in Slough? Chris Finch
75%
Who oversees both branches and is later made into a partner? Jennifer Taylor-Clarke
70%
Who is the warehouse foreman in Slough? Glynn 'Taffy'
55%
Who works in the warehouse and is Dawn's fiancee? Lee
55%
Who is an accountant who came from Swindon and David told him that his favourite actor is Sydney Poitier? Oliver
55%
Who is from Swindon and goes out with Tim for some time? Rachel
55%
Who is one of Gareth's friends, played by Stephen Merchant? The OggMonster
55%
Who does David call 'Kojak' as a nickname? Malcolm
50%
Who is the temp who wins the quiz? Ricky Howard
50%
Who is the temp that is lodging with David? Donna
40%
Who is the secretary that David hires? Karen Roper
35%
Who comes in on the training day to oversee it? Rowan
35%
Who's birthday was it in the episode where everyone celebrated by eating cake that Neil made? Trudy
30%
Who is the other of Gareth's friends? Jimmy the Perv
25%
Who is the cleaning lady who got the photo printed out for her? Joan
20%
Who was in the first episode and who David thought did the best Ali G impression? Sanj
20%
Who is the accountant that dressed as Wonder Woman on Comic Relief? Sheila
20%
Who was the IT consultant who really annoyed Tim? Simon
20%
Who sits next to Tim after Gareth became general manager? Anne
15%
Who was playing darts with Oliver and thought that David looked 40? Tony
10%
No matching quizzes found
Score Distribution
Percent of People with Each Score
Percentile by Number Answered
Your Score History
You have not taken this quiz